Detalles MARC
| 000 -LEADER |
| fixed length control field |
02686nam a2200397Ii 4500 |
| 001 - CONTROL NUMBER |
| control field |
DIGDYK0017 |
| 003 - CONTROL NUMBER IDENTIFIER |
| control field |
NyNyDIG |
| 006 - FIXED-LENGTH DATA ELEMENTS--ADDITIONAL MATERIAL CHARACTERISTICS |
| fixed length control field |
m o d |
| 007 - PHYSICAL DESCRIPTION FIXED FIELD--GENERAL INFORMATION |
| fixed length control field |
cr ||||||||||| |
| 008 - FIXED-LENGTH DATA ELEMENTS--GENERAL INFORMATION |
| fixed length control field |
130201s2007 sp ob 000 0 spa d |
| 020 ## - INTERNATIONAL STANDARD BOOK NUMBER |
| Canceled/invalid ISBN |
8498491401 |
| 020 ## - INTERNATIONAL STANDARD BOOK NUMBER |
| Canceled/invalid ISBN |
9788498491401 |
| 035 ## - SYSTEM CONTROL NUMBER |
| System control number |
(OCoLC)752429401 |
| 040 ## - CATALOGING SOURCE |
| Original cataloging agency |
DGITA |
| Language of cataloging |
eng |
| Description conventions |
pn |
| Transcribing agency |
DGITA |
| 050 14 - LIBRARY OF CONGRESS CALL NUMBER |
| Classification number |
PN4833 eBook |
| 245 00 - TITLE STATEMENT |
| Title |
Aproximaciones al periodismo digital / |
| Statement of responsibility, etc. |
Antonio García Jiménez y Paloma Rupérez Rubio (eds.). |
| 264 #1 - PRODUCTION, PUBLICATION, DISTRIBUTION, MANUFACTURE, AND COPYRIGHT NOTICE |
| Place of production, publication, distribution, manufacture |
Madrid : |
| Name of producer, publisher, distributor, manufacturer |
Editorial Dykinson, S.L. : |
| -- |
Universidad Rey Juan Carlos, Servicio de Publicaciones, |
| Date of production, publication, distribution, manufacture, or copyright notice |
2007. |
| 300 ## - PHYSICAL DESCRIPTION |
| Extent |
1 online resource (361 pages) : |
| Other physical details |
ill. |
| 336 ## - CONTENT TYPE |
| Content type term |
text |
| Content type code |
txt |
| Source |
rdacontent |
| 337 ## - MEDIA TYPE |
| Media type term |
computer |
| Media type code |
c |
| Source |
rdamedia |
| 338 ## - CARRIER TYPE |
| Carrier type term |
online resource |
| Carrier type code |
cr |
| Source |
rdacarrier |
| 490 1# - SERIES STATEMENT |
| Series statement |
Ciencias de la comunicación ; |
| Volume/sequential designation |
13. |
| 504 ## - BIBLIOGRAPHY, ETC. NOTE |
| Bibliography, etc. note |
Includes bibliographical references. |
| 505 0# - FORMATTED CONTENTS NOTE |
| Formatted contents note |
Introducción / Ricardo Pérez-Amat -- La información en la sociedad red / Antonio Rodríguez de las Heras -- Reflexiones en torno a una historia del periodismo digital / Paloma Rupérez Rubio -- El nuevo profesional y las nuevas profesiones / Xosé López; Marita Otero, Xosé Pereira y Manuel Gago -- El tratamiento la información en el medio digital / Fernando Moreno Martín -- Periodismo en red y arquitectura de la información / Antonio García Jiménez -- Visualización de la información / Alfonso Palazón Meseguer -- Nuevas posibilidades del periódico digital on line / Pablo R. Prieto -- El hipertexto en los géneros informativos / Ricardo Vizcaíno-Laorga -- Géneros informativos en la redacción periodística hipertextual / Gloria Gómez-Escalonilla -- Géneros de opinión en Internet / Lourdes Martínez Rodríguez -- El periodismo de fuentes en Internet / Carmen Clara Rodríguez Alonso -- Nuevos soportes y formatos para un periodismo cívico / José María García de Madariaga -- Publicidad y audiencias online / Fernando Bermejo -- Radio en línea / Koldobika Meso Ayerdi -- Televisión y vídeo en Internet. Situación, perspectivas y oferta actual / Francisco Vacas Aguilar -- Propiedad intelectual en Internet / Marina Santín Durán. |
| 650 #0 - SUBJECT ADDED ENTRY--TOPICAL TERM |
| Topical term or geographic name entry element |
Digital media. |
| 650 #0 - SUBJECT ADDED ENTRY--TOPICAL TERM |
| Topical term or geographic name entry element |
Online journalism. |
| 655 #0 - INDEX TERM--GENRE/FORM |
| Genre/form data or focus term |
Electronic books. |
| 700 1# - ADDED ENTRY--PERSONAL NAME |
| Personal name |
García Jiménez, Antonio, |
| Dates associated with a name |
1969- |
| 700 1# - ADDED ENTRY--PERSONAL NAME |
| Personal name |
Rupérez Rubio, Paloma. |
| 791 2# - |
| -- |
Digitalia (Firm), |
| -- |
distributor. |
| 793 0# - |
| -- |
Digitalia eBook Collection: |
| -- |
Dykinson Editorial |
| 830 #0 - SERIES ADDED ENTRY--UNIFORM TITLE |
| Uniform title |
Ciencias de la comunicación (Madrid, Spain) ; |
| Volume/sequential designation |
13. |
| 856 40 - ELECTRONIC LOCATION AND ACCESS |
| Materials specified |
Digitalia Hispánica |
| Uniform Resource Identifier |
<a href="https://www.digitaliapublishing.com/a/6417/">https://www.digitaliapublishing.com/a/6417/</a> |
| 910 ## - USER-OPTION DATA (OCLC) |
| User-option data |
Premium Collection: 2007-2012 |
| 942 ## - ADDED ENTRY ELEMENTS (KOHA) |
| Koha item type |
Recurso Electrónico |